বেগম রোকেয়া : (Record no. 41083)
[ view plain ]
| 000 -LEADER | |
|---|---|
| fixed length control field | 01043nam a2200253 a 4500 |
| 001 - CONTROL NUMBER | |
| control field | 41083 |
| 003 - CONTROL NUMBER IDENTIFIER | |
| rucl marc code | BD-RjUL |
| 005 - DATE AND TIME OF LATEST TRANSACTION | |
| control field | 20211209053328.0 |
| 008 - FIXED-LENGTH DATA ELEMENTS--GENERAL INFORMATION | |
| fixed length control field | 160514s1982 bg ||||| |||| 001 0 ben d |
| 020 ## - INTERNATIONAL STANDARD BOOK NUMBER | |
| Terms of availability | TK. 20.00 |
| 035 ## - SYSTEM CONTROL NUMBER | |
| System control number | (BD-RjUL)41199 |
| 040 ## - CATALOGING SOURCE | |
| Original cataloging agency | BD-RjUL |
| Language of cataloging | ben |
| Transcribing agency | BD-RjUL |
| Modifying agency | BD-RjUL |
| 041 ## - LANGUAGE CODE | |
| Language code of text/sound track or separate title | ben |
| 082 ## - DEWEY DECIMAL CLASSIFICATION NUMBER | |
| Edition number | 23 |
| Classification number | 891.44092 |
| Author mark and year | HAB 1982 |
| 100 ## - MAIN ENTRY--PERSONAL NAME | |
| Personal name | হাসান, মোরশেদ শফিউল |
| 9 (RLIN) | 126390 |
| 245 10 - TITLE STATEMENT | |
| Title | বেগম রোকেয়া : |
| Remainder of title | সময় ও সাহিত্য / |
| Statement of responsibility, etc. | মোরশেদ শফিউল হাসান |
| 260 ## - PUBLICATION, DISTRIBUTION, ETC. (IMPRINT) | |
| Place of publication, distribution, etc. | ঢাকা : |
| Name of publisher, distributor, etc. | বাংলা একাডেমী, |
| Date of publication, distribution, etc. | ১৯৮২ |
| 300 ## - PHYSICAL DESCRIPTION | |
| Pagination | [৮], ১৫২ পৃ. ; |
| Size | ২৩ সেমি. |
| 490 ## - SERIES STATEMENT | |
| Series statement | বা/এ ; |
| Volume/sequential designation | ১২০৩ |
| 500 ## - GENERAL NOTE | |
| General note | নির্ঘণ্ট ও নির্দেশিকা সংযুক্ত |
| 600 ## - SUBJECT ADDED ENTRY--PERSONAL NAME | |
| Personal name | বেগম রোকেয়া |
| Dates associated with a name | ১৮৮০-১৯৩২ |
| General subdivision | জীবনী |
| Titles and other words associated with a name | Begum Rokeya |
| Dates associated with a name | 1880-1932 |
| General subdivision | Biography |
| 942 ## - ADDED ENTRY ELEMENTS (KOHA) | |
| Source of classification or shelving scheme | Dewey Decimal Classification |
| Koha item type | Books |
| Lost status | Source of classification or shelving scheme | Damaged status | Not for loan | Collection code | Permanent Location | Current Location | Shelving location | Date acquired | Source of acquisition | Cost, normal purchase price | Total Checkouts | Full call number | Date last seen | Date checked out | Copy number | Koha item type |
|---|---|---|---|---|---|---|---|---|---|---|---|---|---|---|---|---|
| Dewey Decimal Classification | Non-fiction | Central Library, University of Rajshahi | Central Library, University of Rajshahi | 01/01/1985 | Bangla Academy, Dhaka | 20.00 | 10 | B 891.44092 HAB 1982 | 24/11/2024 | 10/11/2024 | C-2 | Books | ||||
| Dewey Decimal Classification | Non-fiction | Central Library, University of Rajshahi | Central Library, University of Rajshahi | 26/06/1994 | Bangla Academy, Dhaka. | 20.00 | 2 | B 891.44092 HAB 1982 | 27/10/2025 | 12/10/2025 | C-3 | Books | ||||
| Dewey Decimal Classification | Not For Loan | Non-fiction | Central Library, University of Rajshahi | Central Library, University of Rajshahi | Reading Room | 07/08/1983 | Aligor library, Rajshahi | 20.00 | B 891.44092 HAB 1982 | 09/02/2017 | C-1 | Books |